000
00273nam a2200121Ia 4500
008
190216s9999||||xx |||||||||||||| ||und||
100
_a
Narayan R K
245
0
_a
Dowary
260
_b
Pragathi Prakashan
_c
1985
300
_a
88p
650
_a
English General
942
_c
BK
999
_c
14059
_d
14059